| 000 | 00638cam a22002052 4500 | ||
|---|---|---|---|
| 001 | 0000000374 | ||
| 005 | 20151217151748.0 | ||
| 008 | 070125s xx 000 0 eng d | ||
| 020 |
_a1563383608 : _cKES 3,058.20 |
||
| 040 |
_aKABU _cKABU |
||
| 050 | 0 |
_aBL240.3 _b.C65 |
|
| 100 | 1 |
_aColeman, Richard J. _@0000148539 |
|
| 245 | 1 | 0 |
_aCompeting truths : _btheology and science as sibling rivals / _cRichard J. Coleman. |
| 260 |
_aHarrisburg PA : _bTrinity Press, _c2001. |
||
| 300 | _axii, 322 p. | ||
| 650 | 0 |
_aReligion and Science. _@0000148531 |
|
| 908 | _a070125 | ||
| 950 | _@1 | ||
| 999 |
_c4757 _d4757 |
||